LEADER 00972nam 2200265 450 001 996704375603316 005 20260126174935.0 100 $a20251104d1972----km y0itay5003 ba 101 0 $aita 102 $aIT 105 $ay 00 y 200 1 $aRiflessi della legge sul divorzio in tema di delibazione in Italia delle sentenze straniere di scioglimento del vincolo matrimoniale$fPasquale Colella 210 $aPadova$cCEDAM$d1972 215 $a[447]-466 p.$d25 cm 300 $aEstratto da: Studi sul divorzio, Padova, CEDAM, 1972 606 0 $aDivorzio$xDiritto$yItalia$2BNCF 676 $a346.450166 700 1$aCOLELLA,$bPasquale$0237132 801 0$aIT$bcba$gREICAT 912 $a996704375603316 951 $aXVI.7.Misc. 1754$b1783 FBUO$cXVI.7.Misc. 959 $aBK 969 $aFBUO 996 $aRiflessi della legge sul divorzio in tema di delibazione in Italia delle sentenze straniere di scioglimento del vincolo matrimoniale$94530501 997 $aUNISA